নাটকের কথা / (Record no. 2642)

MARC details
000 -LEADER
fixed length control field 00915nam a22002537a 4500
003 - CONTROL NUMBER IDENTIFIER
control field BD-DhJNU
005 - DATE AND TIME OF LATEST TRANSACTION
control field 20260222052600.0
008 - FIXED-LENGTH DATA ELEMENTS--GENERAL INFORMATION
fixed length control field 260222b |||||||| |||| 00| 0 eng d
020 ## - INTERNATIONAL STANDARD BOOK NUMBER
International Standard Book Number 9788195321834
040 ## - CATALOGING SOURCE
Original cataloging agency BD-DhJNU
Language of cataloging ENG
Transcribing agency BD-DhJNU
Modifying agency BD-DhJNU
082 ## - DEWEY DECIMAL CLASSIFICATION NUMBER
Edition number 23
Classification number 891.44201 GHN
100 ## - MAIN ENTRY--PERSONAL NAME
Personal name ঘোষ, অজিতকুমার
242 ## - TRANSLATION OF TITLE BY CATALOGING AGENCY
Title About the play/
Statement of responsibility, etc. D. Ajitkumer Goash
245 ## - TITLE STATEMENT
Title নাটকের কথা /
Statement of responsibility, etc. ড. অজিতকুমার ঘোষ।
246 ## - VARYING FORM OF TITLE
Title proper/short title Natakera katha/
250 ## - EDITION STATEMENT
Edition statement 4th. ed.
260 ## - PUBLICATION, DISTRIBUTION, ETC.
Place of publication, distribution, etc. কলিকাতা :
Name of publisher, distributor, etc. সাহিত্য লোক,
Date of publication, distribution, etc. 2006.
300 ## - PHYSICAL DESCRIPTION
Extent [১০।], ২৬২ পৃ. :
Other physical details চিত্র ;
Dimensions ২২ সেমি. ।
650 ## - SUBJECT ADDED ENTRY--TOPICAL TERM
Topical term or geographic name entry element বাংলা নাটক
650 ## - SUBJECT ADDED ENTRY--TOPICAL TERM
Topical term or geographic name entry element Bengali Drama
650 ## - SUBJECT ADDED ENTRY--TOPICAL TERM
Topical term or geographic name entry element ইতিহাস ও সমালোচনা
650 ## - SUBJECT ADDED ENTRY--TOPICAL TERM
Topical term or geographic name entry element History and Criticism
942 ## - ADDED ENTRY ELEMENTS (KOHA)
Source of classification or shelving scheme Dewey Decimal Classification
Koha item type Books
Suppress in OPAC No
Holdings
Withdrawn status Lost status Source of classification or shelving scheme Damaged status Not for loan Collection Home library Current library Shelving location Date acquired Source of acquisition Total checkouts Full call number Barcode Date last seen Copy number Price effective from Koha item type
    Dewey Decimal Classification     Non-fiction Jagannath University Central Library Jagannath University Central Library Children's area 02/22/2026 Purchased   891.44201 GHN JNUCL36171 02/22/2026 1 02/22/2026 Books